| 000 | 00499nam a2200169Ia 4500 | ||
|---|---|---|---|
| 008 | 151213s9999 xx 000 0 und d | ||
| 020 | _a0-07-123-18-4 | ||
| 100 | _aWilliam B. Worther , Jr. Keith Davis | ||
| 245 |
_aHuman Research & Personnel Management _cWilliam B. Worther , Jr. Keith Davis |
||
| 250 | _a5th | ||
| 260 |
_aNew York _bMac Graw Hill _c1996 |
||
| 300 | _a4927 p. | ||
| 650 | _aManagement | ||
| 650 | _aManagement | ||
| 700 | _aWilliam B. Worther , Jr. Keith Davis | ||
| 999 |
_c3092 _d3092 |
||